000 nam a22 7a 4500
999 _c332562
_d332562
003 NUST
005 20171213124103.0
008 171213b xxu||||| |||| 00| 0 eng d
020 _a0333666453
040 _c0
082 _a658.1 JAC
100 _aJackson,David
_97219
245 _aDynamic Organisations:
_bthe challenge of change
_cDavid Jackson
260 _aEngland
_bMacmillan press
_c1997.
300 _a263p.
500 _aH.B
942 _2ddc
_cBK
_kIESE